000 00572nam a2200229Ia 4500
005 20250425162622.0
008 250425s9999 xx 000 0 und d
020 _a99789978671245
041 _aspa
082 _a796.334
100 _aCARRION M., FERNANDO
245 0 _aBIBLIOTECA DEL FUTBOL ECUATORIANO: EL JUGADOR NUMERO 12 FÚTBOL Y SOCIEDAD
250 _a1A ED.
260 _aEcuador
_bFLACSO, SEDE ECUADOR
_c2006
260 _aQUITO
300 _a262
650 _aECUADOR
650 _aFUTBOL
650 _aSOCIEDAD
942 _c01
010 _a90594
999 _c232973
_d232973